000 01317cam a2200361 a 4500
001 12428165
003 OSt
005 20140310184436.0
008 010531s2001 nyua b 000 0beng d
010 _a 2001269598
020 _a9780439385503
035 _a(OCoLC)ocm45911507
040 _aIMF
_cIMF
_dWIH
_dDLC
042 _alccopycat
043 _an-us---
050 0 0 _aGV 865.R6
_b.R594 2002
100 1 _aRobinson, Sharon,
_d1950-
_927260
245 1 0 _aJackie's nine :
_bJackie Robinson's values to live by : courage, determination, teamwork, persistence, integrity, persistence [sic], commitment, excellence /
_cSharon Robinson.
260 _aNew York :
_bScholastic,
_c2002
300 _a181 p. :
_bill. ;
_c23 cm.
504 _aIncludes bibliographical references (p. 177-178).
521 _aG9
526 _c1040
562 _e1
600 1 0 _aRobinson, Jackie,
_d1919-1972.
_927261
650 0 _aAfrican American baseball players
_vBiography.
_927262
650 0 _aAfrican Americans
_vBiography.
_927263
650 0 _aConduct of life.
_91175
906 _a7
_bcbc
_ccopycat
_d2
_encip
_f20
_gy-gencatlg
942 _2lcc
_cBK-SCHOLAS
999 _c34401
_d34401